| 000 | 01318nam0a22002771 4500 | ||
|---|---|---|---|
| 001 | rc\3709282 | ||
| 005 | 20250610063300.0 | ||
| 035 | _a(NLR Aleph) 007767506 | ||
| 090 |
_a7432467 _c7432467 |
||
| 100 | _a20130115d1973 |||y0rusy50 ca | ||
| 101 | 0 | _arus | |
| 102 | _aRU | ||
| 105 | _ay c ||||| | ||
| 200 | 1 |
_aФлора, растительность и растительные ресурсы Дальнего Востока _eУказ литературы (1928-1969 гг.) _fСост. А.П. Кочмарева, П.Г. Горовой, И.Н. Самойленко _gОтв. ред. [и авт. предисл.] П.Г. Горовой _gАН СССР. Дальневост. науч. центр. им. В.Л. Комарова. Биол.-почв. ин-т. Фундам. б-ка. Дальневост. отд-ние Всесоюз. ботан. о-ва |
|
| 210 |
_aВладивосток _cБ. и. _d1973 |
||
| 215 |
_a552 с. _d26 |
||
| 300 | _aНа пер. сост. не указаны | ||
| 700 | 1 |
_aКочмарева _bА.П. _gАнна Петровна _4220 |
|
| 701 | 1 |
_aГоровой _bП.Г. _4220 _4340 |
|
| 701 | 1 |
_aСамойленко _bИ.Н. _4220 |
|
| 801 | 0 |
_aRU _bNLR _gpsbo |
|
| 801 | 1 |
_aRU _bELAR _2rusmarc |
|
| 852 |
_aNLR _jС581Дал.Вост./Ф-73 |
||
| 942 | _cBOOK | ||
| 980 | _aNB | ||